000 00287nam a22001217a 4500
082 _a494
_bNAM/H
100 _aNAMPOOTHIRI K. N, VIDWAN
245 _aHINDI MASTER
260 _aCHANGANACHERRY
_bASSISI PRINTING& PUBLISHING
300 _a203
650 _aHINDI GRAMMAR
_zKERALA
942 _cBK
999 _c4214
_d4214